000 00547cam a2200145 4500500
005 20251012021704.0
041 _afre
042 _adc
100 1 0 _aGautier, Benoît
_eauthor
245 0 0 _aCole Stangler Le miroir américain Enquête sur la radicalisation des droites et l’avenir de la gauche. Les Arènes, 2025, 192 pages, 20 €.
260 _c2025.
500 _a90
786 0 _nÉtudes | - | 9 | 2025-09-01 | p. 138-139 | 0014-1941
856 4 1 _uhttps://shs.cairn.info/revue-etudes-2025-9-page-138?lang=fr&redirect-ssocas=7080
999 _c1539176
_d1539176